000 00574nam a2200229Ia 4500
003 OSt
005 20220916111016.0
006 a|||||r|||| 00| 0
007 ta
008 220915b |||||||| |||| 00| 0 eng d
024 _a95985
037 _cTextbook
040 _beng
_aARTS
_cARTS
041 _aeng
082 _aU8:6:N2, F9 (906)
100 _aLondres Albert
245 0 _aVery naked people, tr by Sylvia Stuart
260 _c1929
650 _aGEOGRAPHY
942 _hU8:6:N2, F9 (906)
_cTB
_2CC
999 _c103233
_d103233